|
|
|
|
| LEADER |
00000cam a2200000 a 4500 |
| 001 |
vtls011627947 |
| 003 |
SK-MaSNL |
| 005 |
20260302015632.0 |
| 008 |
200205s2017 xo a g 000 0 slo |
| 015 |
|
|
|a SNBA2017/06
|
| 020 |
|
|
|a 9788055153940
|q (viaz.)
|
| 035 |
|
|
|a urn:nbn:sk:snk-am00d5oz
|
| 035 |
|
|
|a urn:nbn:sk:snk-am3hqjw
|
| 035 |
|
|
|a 2AC8A01A-E7D5-433E-BA5D-04AE8549764E
|
| 040 |
|
|
|a SNK
|b slo
|c SNK
|e AACR2
|
| 041 |
1 |
|
|a slo
|h ger
|
| 044 |
|
|
|a xo
|c SK
|
| 072 |
|
7 |
|a 17
|x Etika. Morálna filozofia
|2 konspekt
|
| 080 |
|
|
|a 17.02
|2 2011
|
| 080 |
|
|
|a 394.46
|2 2011
|
| 080 |
|
|
|a 395.82
|2 2011
|
| 080 |
|
|
|a (0:82-84)
|2 2011
|
| 130 |
0 |
|
|a 50 werden ist unheimlich prickelnd
|l Slovensky
|9 661589
|
| 245 |
1 |
0 |
|a 50 na krku
|b teraz to poriadne roztočím!
|c [z nemeckého originálu preložila Zuzana Bohušová]
|
| 246 |
3 |
|
|a Päťdesiatka na krku
|
| 250 |
|
|
|a 1. vyd.
|
| 260 |
|
|
|a Bratislava
|b Ikar
|c 2017
|
| 300 |
|
|
|a [46] s.
|b ilustr.
|c 12 cm
|
| 490 |
1 |
|
|a Srdečne
|
| 650 |
0 |
7 |
|a životná múdrosť
|2 SNKPH
|9 4008
|
| 650 |
0 |
7 |
|a jubileá
|2 SNKPH
|9 29624
|
| 650 |
0 |
7 |
|a blahoželania
|2 SNKPH
|9 30339
|
| 650 |
0 |
7 |
|a Life wisdom
|2 SNKPHeng
|9 305004
|
| 650 |
0 |
7 |
|a Anniversary
|2 SNKPHeng
|9 265204
|
| 650 |
0 |
7 |
|a Greeting cards
|2 SNKPHeng
|9 328562
|
| 655 |
|
7 |
|a citáty
|2 SNKPH
|9 70419
|
| 655 |
|
7 |
|a aforizmy
|2 SNKPH
|9 1250
|
| 655 |
|
7 |
|a Quotations
|2 SNKPHeng
|9 302733
|
| 655 |
|
7 |
|a Aphorisms
|2 SNKPHeng
|9 297683
|
| 700 |
1 |
|
|a Bohušová, Zuzana,
|d 1969-
|4 trl
|9 246657
|
| 830 |
|
0 |
|a Srdečne
|9 347045
|
| 852 |
|
|
|a Štátna vedecká knižnica v Banskej Bystrici
|
| 919 |
|
|
|a 978-80-551-5394-0
|
| 958 |
|
|
|a OP
|
| 968 |
|
|
|b DT
|
| 999 |
|
|
|c 1022011
|d 1023941
|
| 952 |
|
|
|a SNK
|b SNK
|y PREZ
|7 0
|p 17A1259826
|o snkSE 13411
|i snk2017/12864
|8 0
|0 0
|1 0
|4 0
|d 2017-06-01
|f 1
|l 0
|r 2026-02-24 13:27:26
|w 2026-02-24
|
| 952 |
|
|
|a SNK
|b SNK
|y VYP
|7 0
|p 17A1259827
|o snkSE 13411 D1
|i snk2017/12865
|8 0
|0 0
|1 0
|4 0
|d 2017-06-01
|l 0
|r 2026-02-24 13:27:26
|w 2026-02-24
|